[Event "Belgrade-ch sf"]
[Site "Belgrade"]
[Date "2017.01.24"]
[Round "2"]
[White "Nenezic, Zoran"]
[Black "Djordjevic, Nevena"]
[Result "1-0"]
[WhiteElo "1854"]
[BlackElo "1445"]
[PlyCount "69"]
[EventDate "2017.01.23"]
[EventType "swiss"]
[EventRounds "7"]
[EventCountry "SRB"]
[SourceTitle "CBM 176 Extra"]
[Source "ChessBase"]
[SourceDate "2017.03.02"]
[SourceVersion "1"]
[SourceVersionDate "2017.03.02"]
[SourceQuality "1"]

1. c4 e6 2. Nc3 d5 3. d4 Nf6 4. Bg5 Be7 5. e3 0-0 6. Bd3 Nbd7 7. Nf3 a6 8. a4 dxc4 9. Bxc4 c5 10. Bd3 cxd4 11. exd4 Nb6 12. 0-0 Nbd5 13. Bc2 Re8 14. Nxd5 Nxd5 15. Bxe7 Qxe7 16. h4 Bd7 17. Ne5 Rad8 18. h5 Qg5 19. f4 Qf6 20. Qf3 Bc8 21. Rad1 g6 22. Be4 Re7 23. g4 Qg7 24. g5 Bd7 25. b3 Bc8 26. Kg2 Rc7 27. Rc1 Re7 28. Rh1 Nb4 29. hxg6 fxg6 30. Rh6 Nd5 31. Bxg6 Qf8 32. Kg3 Rg7 33. Be4 Qe8 34. Rch1 Qe7 35. Bxh7+ 1-0

[Event "SRB-ch sf"]
[Site "Belgrade"]
[Date "2016.03.23"]
[Round "3"]
[White "Dimitrijevic, Dusan"]
[Black "Nenezic, Zoran"]
[Result "1-0"]
[WhiteElo "2141"]
[BlackElo "1875"]
[PlyCount "75"]
[EventDate "2016.03.21"]
[EventType "swiss"]
[EventRounds "9"]
[EventCountry "SRB"]
[SourceTitle "CBM 171 Extra"]
[Source "ChessBase"]
[SourceDate "2016.04.26"]
[SourceVersion "1"]
[SourceVersionDate "2016.04.26"]
[SourceQuality "1"]

1. d4 Nf6 2. c4 c5 3. d5 e6 4. Nc3 exd5 5. cxd5 d6 6. e4 g6 7. Nf3 Bg7 8. Be2 0-0 9. 0-0 Re8 10. Nd2 Nbd7 11. Qc2 a6 12. a4 Ne5 13. b3 Rb8 14. Bb2 Bd7 15. h3 g5 16. Nc4 Nxc4 17. bxc4 g4 18. hxg4 Nxg4 19. Bxg4 Bxg4 20. Rae1 Bd7 21. Re3 Be5 22. Ne2 Kh8 23. f4 Bg7 24. Bxg7+ Kxg7 25. f5 Qf6 26. Nf4 Kh8 27. Nh5 Qd4 28. Qe2 Rg8 29. Rf4 Rg5 30. e5 Qa1+ 31. Rf1 Qd4 32. e6 Bxa4 33. Rf4 Qa1+ 34. Kh2 Bd1 35. exf7 Rxh5+ 36. Kg3 Bxe2 37. Re8+ Kg7 38. f8Q# 1-0

[Event "Belgrade-chT"]
[Site "Belgrade"]
[Date "2014.05.08"]
[Round "3"]
[White "Rakic, Teodora"]
[Black "Nenezic, Zoran"]
[Result "1/2-1/2"]
[WhiteElo "1902"]
[BlackElo "1837"]
[PlyCount "76"]
[EventDate "2014.05.05"]
[EventType "swiss"]
[EventRounds "5"]
[EventCountry "SRB"]
[SourceTitle "CBM 160 Extra"]
[Source "ChessBase"]
[SourceDate "2014.07.01"]
[SourceVersion "1"]
[SourceVersionDate "2014.07.01"]
[SourceQuality "1"]

1. d4 Nf6 2. c4 g6 3. Nc3 d5 4. cxd5 Nxd5 5. e4 Nxc3 6. bxc3 Bg7 7. Be3 c5 8. Qd2 0-0 9. Nf3 Qa5 10. Rb1 a6 11. Be2 Nc6 12. Rd1 Rd8 13. 0-0 Bg4 14. Qb2 b5 15. h3 cxd4 16. cxd4 Bxf3 17. Bxf3 e5 18. d5 Nd4 19. Bxd4 exd4 20. Qd2 Qc3 21. Qe2 Qc4 22. Rc1 Qxe2 23. Bxe2 Rac8 24. f4 Rc3 25. Bf3 Rdc8 26. Rcd1 Bh6 27. Bg4 R8c4 28. d6 Kf8 29. e5 d3 30. Rf3 Rd4 31. d7 Ke7 32. g3 Kd8 33. Re3 Bf8 34. Bf3 Bc5 35. Kf1 b4 36. Bb7 d2 37. Rf3 Rxf3+ 38. Bxf3 Rd3 1/2-1/2

[Event "Belgrade-ch"]
[Site "Belgrade"]
[Date "2013.01.23"]
[Round "1"]
[White "Carnic, Srdjan"]
[Black "Nenezic, Zoran"]
[Result "1-0"]
[WhiteElo "2339"]
[BlackElo "1887"]
[PlyCount "59"]
[EventDate "2013.01.23"]
[EventType "swiss"]
[EventRounds "9"]
[EventCountry "SRB"]
[SourceTitle "CBM 152 Extra"]
[Source "ChessBase"]
[SourceDate "2013.02.25"]
[SourceVersion "1"]
[SourceVersionDate "2013.02.25"]
[SourceQuality "1"]

1. d4 d5 2. c4 c6 3. Nf3 Nf6 4. Qc2 e6 5. g3 Bb4+ 6. Bd2 Qa5 7. a3 Bxd2+ 8. Nbxd2 0-0 9. Bg2 Qd8 10. 0-0 Nbd7 11. e4 dxe4 12. Nxe4 Nxe4 13. Qxe4 Nf6 14. Qe3 Qb6 15. Rab1 Bd7 16. Ne5 Rfd8 17. Rfd1 Be8 18. b4 Rac8 19. h3 Nd7 20. c5 Qc7 21. Nc4 Nf6 22. Nd6 Rb8 23. Qe5 Nd5 24. Rdc1 b5 25. f4 Qd7 26. f5 exf5 27. Bxd5 cxd5 28. c6 Qc7 29. Nxf5 Qxe5 30. dxe5 1-0

[Event "Belgrade Trophy 26th"]
[Site "Belgrade"]
[Date "2012.11.30"]
[Round "7"]
[White "Nenezic, Zoran"]
[Black "Radulovic, Dusko"]
[Result "0-1"]
[WhiteElo "1879"]
[BlackElo "2263"]
[PlyCount "64"]
[EventDate "2012.11.24"]
[EventType "swiss"]
[EventRounds "9"]
[EventCountry "SRB"]
[SourceTitle "CBM 151 Extra"]
[Source "ChessBase"]
[SourceDate "2012.12.18"]
[SourceVersion "1"]
[SourceVersionDate "2012.12.18"]
[SourceQuality "1"]

1. c4 e6 2. Nc3 Nf6 3. e4 e5 4. d3 Bc5 5. Be2 0-0 6. Na4 Bb4+ 7. Bd2 Bxd2+ 8. Qxd2 c6 9. Nf3 Re8 10. c5 b5 11. cxb6 axb6 12. Nc3 d5 13. h3 Na6 14. 0-0 Qd6 15. a3 Nc5 16. Qc2 Ba6 17. Rfd1 Ne6 18. d4 Nxd4 19. Nxd4 exd4 20. Rxd4 c5 21. Rdd1 Bxe2 22. Qxe2 Qe5 23. Qb5 d4 24. Nd5 Nxe4 25. Nxb6 Rab8 26. a4 Nxf2 27. Re1 Nxh3+ 28. Kh1 Nf2+ 29. Kg1 Ne4 30. a5 Re6 31. Qd3 Rh6 32. Rxe4 Qh2+ 0-1

[Event "Belgrade Summer op"]
[Site "Belgrade"]
[Date "2009.06.02"]
[Round "1"]
[White "Budimir, Dragan"]
[Black "Nenezic, Zoran"]
[Result "1-0"]
[WhiteElo "2197"]
[BlackElo "1901"]
[PlyCount "37"]
[EventDate "2009.06.02"]
[EventType "swiss"]
[EventRounds "9"]
[EventCountry "SRB"]
[SourceTitle "EXT 2019"]
[Source "ChessBase"]
[SourceDate "2018.10.10"]
[SourceVersion "1"]
[SourceVersionDate "2018.10.10"]
[SourceQuality "1"]

1. e4 c6 2. Nf3 d5 3. Nc3 Bg4 4. h3 Bh5 5. exd5 cxd5 6. Bb5+ Nc6 7. g4 Bg6 8. Ne5 Rc8 9. d4 e6 10. h4 f6 11. Nxg6 hxg6 12. Qf3 f5 13. Bxc6+ bxc6 14. h5 Bb4 15. Bd2 Nf6 16. 0-0-0 Nxg4 17. hxg6 Rg8 18. Qe2 Qa5 19. Qxe6+ 1-0

[Event "Belgrade Spring op"]
[Site "Belgrade"]
[Date "2009.03.26"]
[Round "5"]
[White "Elez, Nikola"]
[Black "Nenezic, Zoran"]
[Result "1-0"]
[WhiteElo "2078"]
[BlackElo "1872"]
[PlyCount "83"]
[EventDate "2009.03.21"]
[EventType "swiss"]
[EventRounds "9"]
[EventCountry "YUG"]
[SourceTitle "CBM 129 Extra"]
[Source "ChessBase"]
[SourceDate "2009.05.05"]
[SourceVersion "2"]
[SourceVersionDate "2009.05.20"]
[SourceQuality "1"]

1. e4 Nf6 2. Nc3 d5 3. exd5 Nxd5 4. g3 Nxc3 5. bxc3 e5 6. Bg2 Bc5 7. Ne2 Nc6 8. 0-0 0-0 9. d3 Bg4 10. Be3 Bb6 11. h3 Bh5 12. Qd2 f5 13. Rfe1 Bxe3 14. Qxe3 g5 15. Qc5 f4 16. Bd5+ Bf7 17. Bxc6 bxc6 18. Qxe5 Re8 19. Qc5 Qf6 20. Nd4 Bd5 21. c4 Rxe1+ 22. Rxe1 fxg3 23. f3 g4 24. cxd5 gxf3 25. Rf1 f2+ 26. Kg2 Re8 27. Qxc6 Qf7 28. Ne6 Re7 29. Qc4 Kh8 30. Qd4+ Kg8 31. Qg4+ Kh8 32. c4 c6 33. Rb1 Re8 34. Qd4+ Kg8 35. Qg4+ Kh8 36. Qd4+ Kg8 37. a4 h5 38. a5 cxd5 39. cxd5 Rc8 40. Rf1 Rc2 41. Qh4 Qg6 42. Qd8+ 1-0

[Event "Belgrade-ch"]
[Site "Belgrade"]
[Date "2009.01.29"]
[Round "6"]
[White "Nenezic, Zoran"]
[Black "Pusonja, Nikola"]
[Result "1-0"]
[WhiteElo "1872"]
[BlackElo "1660"]
[PlyCount "97"]
[EventDate "2009.01.24"]
[EventType "swiss"]
[EventRounds "9"]
[EventCountry "YUG"]
[SourceTitle "CBM 128 Extra"]
[Source "ChessBase"]
[SourceDate "2009.03.05"]
[SourceVersion "2"]
[SourceVersionDate "2009.03.25"]
[SourceQuality "1"]

1. d4 c5 2. d5 Nf6 3. c4 g6 4. Nc3 Bg7 5. e4 d6 6. Bg5 0-0 7. Qd2 Na6 8. Bh6 Nc7 9. Bxg7 Kxg7 10. f3 a6 11. Bd3 Rb8 12. a4 Qe8 13. Nge2 Bd7 14. a5 b5 15. axb6 Rxb6 16. 0-0 e6 17. Rfe1 Qe7 18. Ng3 e5 19. Reb1 Rfb8 20. Ra3 Rb3 21. Rxb3 Rxb3 22. Bc2 Rb7 23. b3 Ng8 24. Nce2 Nh6 25. b4 cxb4 26. Rxb4 Bc8 27. Rxb7 Bxb7 28. Qb4 Ne8 29. Ba4 Kf8 30. Bc6 Bc8 31. Nc3 f5 32. Na4 Bd7 33. Qb6 Bxc6 34. dxc6 Qg5 35. Nf1 Qe7 36. Qxa6 fxe4 37. fxe4 Ng4 38. h3 Ngf6 39. Nc3 Nc7 40. Qb7 Qf7 41. Ne3 g5 42. Ned5 Nfxd5 43. Nxd5 Nxd5 44. Qxf7+ Kxf7 45. cxd5 Ke7 46. h4 g4 47. h5 h6 48. Kf2 Kd8 49. Kg3 1-0

[Event "Belgrade-ch"]
[Site "Belgrade"]
[Date "2009.01.25"]
[Round "2"]
[White "Carnic, Dejan"]
[Black "Nenezic, Zoran"]
[Result "1-0"]
[WhiteElo "2183"]
[BlackElo "1872"]
[PlyCount "59"]
[EventDate "2009.01.24"]
[EventType "swiss"]
[EventRounds "9"]
[EventCountry "YUG"]
[SourceTitle "CBM 128 Extra"]
[Source "ChessBase"]
[SourceDate "2009.03.05"]
[SourceVersion "2"]
[SourceVersionDate "2009.03.25"]
[SourceQuality "1"]

1. e4 c6 2. d4 d5 3. Nc3 dxe4 4. Nxe4 Nd7 5. Nf3 Ngf6 6. Nxf6+ Nxf6 7. Bc4 e6 8. 0-0 Be7 9. c3 0-0 10. Qe2 h6 11. Re1 Nd5 12. Bd3 Bg5 13. Nxg5 hxg5 14. Qh5 f5 15. Bxg5 Qe8 16. Qxe8 Rxe8 17. Bxf5 Bd7 18. Bg4 Nf6 19. Bd1 Kf7 20. Bb3 b5 21. h3 Nd5 22. Re5 a5 23. a3 a4 24. Bd1 Rac8 25. Bg4 Nf6 26. Bxf6 Kxf6 27. Rae1 g5 28. R1e3 Rcd8 29. Rf3+ Kg6 30. h4 1-0

[Event "Belgrade Trophy 21st"]
[Site "Obrenovac"]
[Date "2008.12.05"]
[Round "9"]
[White "Nenezic, Zoran"]
[Black "Pusonja, Nikola"]
[Result "0-1"]
[WhiteElo "1892"]
[BlackElo "1651"]
[PlyCount "164"]
[EventDate "2008.11.27"]
[EventType "swiss"]
[EventRounds "9"]
[EventCountry "YUG"]
[SourceTitle "CBM 127 Extra"]
[Source "ChessBase"]
[SourceDate "2009.01.08"]
[SourceVersion "2"]
[SourceVersionDate "2009.01.28"]
[SourceQuality "1"]

1. c4 c5 2. Nc3 Nc6 3. Nf3 e5 4. g3 g6 5. Bg2 Bg7 6. 0-0 Nge7 7. d3 0-0 8. Bg5 d6 9. Qd2 Rb8 10. Rab1 f6 11. Bh6 Be6 12. a3 a5 13. e4 Qd7 14. Nb5 Rbd8 15. Bxg7 Kxg7 16. Ne1 f5 17. f4 b6 18. Rc1 h6 19. b3 Na7 20. Nc3 Nac6 21. Nc2 fxe4 22. dxe4 Bh3 23. Rf2 Bxg2 24. Kxg2 exf4 25. Rxf4 Rxf4 26. Qxf4 Rf8 27. Qd2 Qg4 28. Qe3 Ne5 29. h3 Qe6 30. Ne1 Qf6 31. Nc2 Kh7 32. Re1 Nf3 33. Rd1 h5 34. Nb5 Nc8 35. Kh1 Qe6 36. Kg2 Ng5 37. Qxg5 Qxe4+ 38. Kg1 Qxc2 39. Qd2 Qxb3 40. Qd3 Qxd3 41. Rxd3 Rd8 42. g4 hxg4 43. hxg4 Kh6 44. Kg2 Kg5 45. Kg3 Kf6 46. Rf3+ Ke6 47. g5 Ne7 48. Nc7+ Kd7 49. Nd5 Nf5+ 50. Kf2 Kc6 51. Rb3 Rb8 52. a4 Nd4 53. Re3 Rf8+ 54. Kg2 Rf7 55. Re7 Rxe7 56. Nxe7+ Kd7 57. Nxg6 Ne6 58. Kf2 Nxg5 59. Ke3 Ne6 60. Kd3 Nc7 61. Nf4 Kc6 62. Ke4 d5+ 63. cxd5+ Kd6 64. Kd3 Nxd5 65. Ne2 Kc6 66. Kc4 Ne3+ 67. Kd3 Nd1 68. Kc2 Nf2 69. Kc3 b5 70. axb5+ Kxb5 71. Nc1 Ne4+ 72. Kd3 Nd6 73. Kc3 c4 74. Ne2 Kc5 75. Ng3 Nb5+ 76. Kc2 Kb4 77. Ne4 a4 78. Nf6 Nd4+ 79. Kb2 c3+ 80. Ka2 c2 81. Kb2 a3+ 82. Kc1 a2 0-1

[Event "Belgrade Trophy 21st"]
[Site "Obrenovac"]
[Date "2008.11.28"]
[Round "2"]
[White "Zivkovic, Dragoslav"]
[Black "Nenezic, Zoran"]
[Result "1/2-1/2"]
[WhiteElo "2087"]
[BlackElo "1892"]
[PlyCount "72"]
[EventDate "2008.11.27"]
[EventType "swiss"]
[EventRounds "9"]
[EventCountry "YUG"]
[SourceTitle "CBM 127 Extra"]
[Source "ChessBase"]
[SourceDate "2009.01.08"]
[SourceVersion "2"]
[SourceVersionDate "2009.01.28"]
[SourceQuality "1"]

1. e4 c6 2. d4 d5 3. Nc3 dxe4 4. Nxe4 Nd7 5. Bc4 Ngf6 6. Ng5 e6 7. Ne2 Be7 8. Bxe6 fxe6 9. Nxe6 Qa5+ 10. Bd2 Qb6 11. Nxg7+ Kf7 12. Nf5 Qxb2 13. 0-0 Ne4 14. Nxe7 Kxe7 15. Rb1 Qxa2 16. Bb4+ Kd8 17. f3 Nef6 18. Nf4 Nb6 19. Re1 Re8 20. Rxe8+ Nxe8 21. Qe1 Qf7 22. Nd3 Bf5 23. Ne5 Qe6 24. Ba5 Kc8 25. Ra1 Nd7 26. Qh4 Qf6 27. Qg3 Nxe5 28. dxe5 Qe6 29. f4 Rb8 30. Be1 Ra8 31. h3 b5 32. Kh2 Bxc2 33. Qc3 Qc4 34. Qg3 Qe6 35. Qc3 Qc4 36. Qg3 Qe6 1/2-1/2

[Event "Belgrade Trophy 21st"]
[Site "Obrenovac"]
[Date "2008.11.27"]
[Round "1"]
[White "Nenezic, Zoran"]
[Black "Stavnjak, Lazar"]
[Result "0-1"]
[WhiteElo "1892"]
[BlackElo "2251"]
[PlyCount "80"]
[EventDate "2008.11.27"]
[EventType "swiss"]
[EventRounds "9"]
[EventCountry "YUG"]
[SourceTitle "CBM 127 Extra"]
[Source "ChessBase"]
[SourceDate "2009.01.08"]
[SourceVersion "2"]
[SourceVersionDate "2009.01.28"]
[SourceQuality "1"]

1. c4 e5 2. Nc3 d6 3. Nf3 Nf6 4. d4 Nbd7 5. Bg5 Be7 6. e3 0-0 7. Qc2 h6 8. Bh4 exd4 9. exd4 Nh5 10. Bg3 Ndf6 11. 0-0-0 c6 12. Bd3 Nxg3 13. fxg3 Ng4 14. Rde1 Re8 15. Kb1 Bd7 16. h3 Nf6 17. g4 Qa5 18. Bf5 Bxf5 19. gxf5 d5 20. Ne5 Bb4 21. Re3 Bxc3 22. Rxc3 Ne4 23. Rd3 Rad8 24. g4 dxc4 25. Nxc4 Qd5 26. Rhd1 Nf6 27. b3 Re4 28. Ne3 Qa5 29. Nc4 Qb4 30. a3 Qe7 31. Ka2 Nd5 32. R1d2 f6 33. Qc1 Nf4 34. Rf3 Ne2 35. Qd1 Nxd4 36. Rfd3 c5 37. Qg1 b5 38. Nb2 a5 39. h4 Re1 40. Qf2 a4 0-1

[Event "Belgrade Winter op"]
[Site "Belgrade"]
[Date "2008.01.30"]
[Round "9"]
[White "Nenezic, Zoran"]
[Black "Jovic, Branko"]
[Result "1/2-1/2"]
[WhiteElo "1946"]
[BlackElo "1766"]
[PlyCount "68"]
[EventDate "2008.01.22"]
[EventType "swiss"]
[EventRounds "9"]
[EventCountry "YUG"]
[SourceTitle "CBM 122 Extra"]
[Source "ChessBase"]
[SourceDate "2008.03.04"]
[SourceVersion "1"]
[SourceVersionDate "2008.03.04"]
[SourceQuality "1"]

1. c4 e5 2. Nc3 Nf6 3. g3 d5 4. cxd5 Nxd5 5. Bg2 Nb6 6. Nf3 Nc6 7. 0-0 Be7 8. e3 0-0 9. d4 exd4 10. exd4 Nb4 11. Ne5 c6 12. a3 N4d5 13. Nxd5 Nxd5 14. b4 Be6 15. Bb2 f6 16. Nd3 Qd7 17. Nc5 Bxc5 18. dxc5 Rad8 19. Qc2 Bh3 20. Rfd1 Bxg2 21. Kxg2 Qg4 22. Rd4 Qg6 23. Qc4 Qf7 24. Qd3 Qg6 25. Qd2 Rfe8 26. Kg1 Re7 27. Re1 Rde8 28. Rxe7 Rxe7 29. f3 Qf5 30. Rd3 Qe6 31. Kf2 Qh3 32. Kg1 Qe6 33. Kf2 Qh3 34. Kg1 Qe6 1/2-1/2

[Event "Belgrade Winter op"]
[Site "Belgrade"]
[Date "2008.01.28"]
[Round "7"]
[White "Nenezic, Zoran"]
[Black "Janic, Dusan"]
[Result "1-0"]
[WhiteElo "1946"]
[BlackElo "1813"]
[PlyCount "59"]
[EventDate "2008.01.22"]
[EventType "swiss"]
[EventRounds "9"]
[EventCountry "YUG"]
[SourceTitle "CBM 122 Extra"]
[Source "ChessBase"]
[SourceDate "2008.03.04"]
[SourceVersion "1"]
[SourceVersionDate "2008.03.04"]
[SourceQuality "1"]

1. c4 Nf6 2. Nc3 e6 3. e4 d5 4. e5 d4 5. exf6 dxc3 6. fxg7 cxd2+ 7. Bxd2 Bxg7 8. Qc2 b6 9. 0-0-0 Bd7 10. Nf3 Nc6 11. Bc3 f6 12. g3 Qe7 13. Bg2 0-0-0 14. Nd4 Nxd4 15. Bxd4 e5 16. Be3 c6 17. c5 b5 18. Rd6 Kc7 19. Rhd1 f5 20. Qd2 e4 21. Qa5+ Kb7 22. Bf4 h5 23. h4 Bf6 24. Bf1 Ka8 25. a4 Be6 26. axb5 Bd5 27. b6 Rxd6 28. Bxd6 Qb7 29. Ba6 Qd7 30. b7+ 1-0

[Event "Belgrade Winter op"]
[Site "Belgrade"]
[Date "2008.01.24"]
[Round "3"]
[White "Nenezic, Zoran"]
[Black "Jovanovic, Aleksandar"]
[Result "0-1"]
[WhiteElo "1946"]
[BlackElo "2201"]
[PlyCount "56"]
[EventDate "2008.01.22"]
[EventType "swiss"]
[EventRounds "9"]
[EventCountry "YUG"]
[SourceTitle "CBM 122 Extra"]
[Source "ChessBase"]
[SourceDate "2008.03.04"]
[SourceVersion "1"]
[SourceVersionDate "2008.03.04"]
[SourceQuality "1"]

1. c4 e5 2. Nc3 Nf6 3. Nf3 Nc6 4. d4 exd4 5. Nxd4 Bb4 6. Bg5 Bxc3+ 7. bxc3 h6 8. Bh4 Ne5 9. e3 b6 10. Be2 Bb7 11. 0-0 0-0 12. Bg3 Re8 13. Rc1 d6 14. f3 Ng6 15. e4 Nh5 16. Bf2 Qg5 17. Kh1 Nhf4 18. Rg1 f5 19. exf5 Nxe2 20. Nxe2 Qxf5 21. Ng3 Qf7 22. Bd4 Nf4 23. Qd2 Re6 24. Ne4 Rf8 25. g3 Nh3 26. Rgf1 Rxe4 27. Kg2 Ng5 28. fxe4 Bxe4+ 0-1

[Event "Belgrade Winter op"]
[Site "Belgrade"]
[Date "2008.01.22"]
[Round "1"]
[White "Nenezic, Zoran"]
[Black "Jovicic, Radosav"]
[Result "0-1"]
[WhiteElo "1946"]
[BlackElo "2288"]
[PlyCount "42"]
[EventDate "2008.01.22"]
[EventType "swiss"]
[EventRounds "9"]
[EventCountry "YUG"]
[SourceTitle "CBM 122 Extra"]
[Source "ChessBase"]
[SourceDate "2008.03.04"]
[SourceVersion "1"]
[SourceVersionDate "2008.03.04"]
[SourceQuality "1"]

1. c4 Nf6 2. Nc3 g6 3. d4 Bg7 4. e4 0-0 5. f3 d6 6. Be3 a6 7. Qd2 Nbd7 8. h4 c5 9. g4 cxd4 10. Bxd4 Ne5 11. 0-0-0 Qc7 12. g5 Nh5 13. Nd5 Qd8 14. Qf2 Be6 15. Kb1 Rc8 16. Bxe5 Bxe5 17. Nh3 Ng3 18. Rg1 Nxf1 19. Qxf1 Bxh3 20. Qxh3 e6 21. Ne3 Qb6 0-1